[Event "Ljubljana op"]
[Site "Ljubljana"]
[Date "2025.05.01"]
[Round "5"]
[White "Ciolek, Andreas"]
[Black "Abel, Sajan"]
[Result "0-1"]
[WhiteElo "2198"]
[BlackElo "1904"]
[PlyCount "84"]
[EventDate "2025.04.28"]
[EventType "swiss"]
[EventRounds "9"]
[EventCountry "SLO"]
[SourceTitle "CB19_2025"]
[SourceDate "2025.05.07"]
[SourceVersion "1"]
[SourceVersionDate "2025.05.07"]
[SourceQuality "1"]

1. e4 c5 2. d4 cxd4 3. Qxd4 Nc6 4. Qd3 g6 5. Nc3 Bg7 6. Nf3 Nf6 7. Be2 d6 8. 0-0 0-0 9. Nd5 Bg4 10. c3 Nxd5 11. exd5 Ne5 12. Nxe5 Bxe2 13. Qxe2 Bxe5 14. a4 Qa5 15. Rd1 Qa6 16. Qf3 Qc4 17. Bg5 Rfe8 18. g3 b5 19. axb5 Qxb5 20. Rd2 a5 21. h4 Rac8 22. h5 a4 23. h6 Rc4 24. Re2 Kf8 25. Rd1 a3 26. Rxe5 dxe5 27. d6 f5 28. Bxe7+ Rxe7 29. dxe7+ Kxe7 30. Qa8 Qc5 31. bxa3 Rxc3 32. Qg8 Rxg3+ 33. Kf1 Qb5+ 34. Ke1 Rg1+ 35. Kd2 Qd7+ 36. Kc3 Rxd1 37. Qxh7+ Kf6 38. Qh8+ Kg5 39. Qxe5 Qd3+ 40. Kb4 Rb1+ 41. Ka4 Qb3+ 42. Ka5 Qxa3# 0-1

[Event "AUT-chT2W 2425"]
[Site "Austria"]
[Date "2024.09.28"]
[Round "2.4"]
[White "Ciolek, Andreas"]
[Black "Hengl, Philip"]
[Result "1-0"]
[WhiteElo "2166"]
[BlackElo "2166"]
[PlyCount "61"]
[EventDate "2024.09.27"]
[EventType "team-tourn"]
[EventRounds "11"]
[EventCountry "AUT"]
[SourceTitle "EXT 2025"]
[Source "ChessBase"]
[SourceDate "2024.10.14"]
[SourceVersion "1"]
[SourceVersionDate "2024.10.14"]
[SourceQuality "1"]
[WhiteTeam "Schach ohne Grenzen"]
[BlackTeam "Absam"]
[WhiteTeamCountry "AUT"]
[BlackTeamCountry "AUT"]

1. d4 Nf6 2. c4 e6 3. Nf3 d5 4. g3 Be7 5. Bg2 0-0 6. 0-0 a5 7. b3 c6 8. Nc3 b6 9. Qd3 Bb7 10. Rd1 Nbd7 11. e4 dxe4 12. Nxe4 c5 13. Nxf6+ Bxf6 14. Ng5 Bxg5 15. Bxb7 Ra7 16. dxc5 Nxc5 17. Qxd8 Bxd8 18. Bc6 Bf6 19. Rb1 Rc8 20. Bg2 Rd8 21. Be3 Kf8 22. Rxd8+ Bxd8 23. a3 Ke7 24. b4 axb4 25. axb4 Nd7 26. c5 bxc5 27. bxc5 Rc7 28. c6 Ne5 29. Bc5+ Kf6 30. Bd4 Kf5 31. Rb5 1-0

[Event "Bratislava exe op 2nd"]
[Site "Bratislava"]
[Date "2024.09.19"]
[Round "6"]
[White "Ciolek, Andreas"]
[Black "Galla, Richard"]
[Result "1-0"]
[WhiteElo "2166"]
[BlackElo "2052"]
[PlyCount "49"]
[EventDate "2024.09.14"]
[EventType "swiss"]
[EventRounds "9"]
[EventCountry "SVK"]
[SourceTitle "EXT 2025"]
[Source "ChessBase"]
[SourceDate "2024.10.14"]
[SourceVersion "1"]
[SourceVersionDate "2024.10.14"]
[SourceQuality "1"]

1. d4 Nf6 2. c4 e6 3. Nf3 Bb4+ 4. Nbd2 c5 5. a3 Bxd2+ 6. Bxd2 cxd4 7. Nxd4 Nc6 8. Nb5 0-0 9. Nd6 Ne8 10. Bc3 Nxd6 11. Qxd6 Re8 12. g3 a5 13. Bg2 Ra6 14. Rd1 e5 15. Qd2 Qc7 16. 0-0 Ne7 17. Rc1 d6 18. b4 axb4 19. axb4 Be6 20. b5 Ra4 21. Bb4 Rd8 22. Rfd1 Nc8 23. Qc3 Nb6 24. c5 dxc5 25. Qxc5 1-0

[Event "Bratislava exe op 2nd"]
[Site "Bratislava"]
[Date "2024.09.17"]
[Round "4"]
[White "Ciolek, Andreas"]
[Black "Seker, Bilgesu"]
[Result "1-0"]
[WhiteElo "2166"]
[BlackElo "1907"]
[PlyCount "95"]
[EventDate "2024.09.14"]
[EventType "swiss"]
[EventRounds "9"]
[EventCountry "SVK"]
[SourceTitle "EXT 2025"]
[Source "ChessBase"]
[SourceDate "2024.10.14"]
[SourceVersion "1"]
[SourceVersionDate "2024.10.14"]
[SourceQuality "1"]

1. d4 Nf6 2. c4 g6 3. Nc3 Bg7 4. e4 d6 5. Nf3 0-0 6. Bd3 e5 7. d5 a5 8. 0-0 Na6 9. Bc2 Nh5 10. a3 Bd7 11. Rb1 Qe8 12. b4 axb4 13. axb4 h6 14. Kh1 c5 15. dxc6 bxc6 16. b5 cxb5 17. cxb5 Rc8 18. bxa6 Rxc3 19. a7 Qa8 20. Be3 Rxe3 21. fxe3 Qxa7 22. Qxd6 Rc8 23. Bb3 Ba4 24. Ra1 Qd7 25. Bxf7+ Qxf7 26. Rxa4 Re8 27. Raa1 Qe6 28. Qxe6+ Rxe6 29. Ra5 Bf6 30. g4 Ng7 31. Rfa1 Re8 32. Ra8 Rxa8 33. Rxa8+ Kf7 34. Ra7+ Ke6 35. Ra6+ Ke7 36. h4 Ne6 37. Ra7+ Kd6 38. Rf7 Be7 39. Nxe5 Bxh4 40. Nxg6 Bg5 41. e5+ Kc6 42. Nf4 Nc5 43. Kg2 Nd7 44. Rf5 Nc5 45. Kf3 Kd7 46. Rf7+ Kc6 47. Rh7 Kb6 48. Nh3 1-0

[Event "Bratislava exe op 2nd"]
[Site "Bratislava"]
[Date "2024.09.15"]
[Round "2"]
[White "Ciolek, Andreas"]
[Black "Sowinski, Pawel"]
[Result "1/2-1/2"]
[WhiteElo "2166"]
[BlackElo "2469"]
[PlyCount "137"]
[EventDate "2024.09.14"]
[EventType "swiss"]
[EventRounds "9"]
[EventCountry "SVK"]
[SourceTitle "EXT 2025"]
[Source "ChessBase"]
[SourceDate "2024.10.14"]
[SourceVersion "1"]
[SourceVersionDate "2024.10.14"]
[SourceQuality "1"]

1. d4 Nf6 2. c4 e6 3. Nf3 d5 4. g3 Bb4+ 5. Bd2 Be7 6. Bg2 0-0 7. 0-0 Nbd7 8. Bc3 dxc4 9. a4 c6 10. Nbd2 b5 11. axb5 cxb5 12. Ba5 Qe8 13. b3 c3 14. Bxc3 Bb7 15. Re1 b4 16. Bb2 Nb6 17. Ra5 Nbd5 18. Qa1 a6 19. Nc4 Nc3 20. Nfe5 Qb8 21. Nc6 Qc7 22. Nxe7+ Qxe7 23. Bxb7 Qxb7 24. Bxc3 bxc3 25. Qxc3 Rab8 26. Rea1 Nd5 27. Qf3 Qa7 28. e3 Rxb3 29. Rxa6 Qc7 30. Ne5 Rb7 31. Ra8 Rbb8 32. R8a7 Rb7 33. Rxb7 Qxb7 34. h4 Rc8 35. h5 h6 36. Nd3 Qe7 37. Nf4 Nxf4 38. Qxf4 Qb7 39. Rd1 Qd5 40. Qg4 Rc4 41. Qe2 Rc8 42. e4 Qd6 43. d5 exd5 44. exd5 Rd8 45. Qe4 Qf6 46. Kg2 Qd6 47. Rd3 Rc8 48. Qf5 Rd8 49. Rd2 Rd7 50. Kh2 Rd8 51. Kg1 Qb4 52. Rc2 Qb1+ 53. Kh2 Kh8 54. g4 Qb8+ 55. Kg2 Kg8 56. Rc6 Qb7 57. Kg1 Qa8 58. Rc5 Qb8 59. Kf1 Qd6 60. Rc6 Qxd5 61. Qxd5 Rxd5 62. Rc8+ Kh7 63. Rf8 f6 64. Kg2 Ra5 65. Kg3 Ra3+ 66. f3 Ra5 67. Kf4 Ra4+ 68. Kg3 Ra5 69. Kf4 1/2-1/2

[Event "Polanica Zdroj op 60th"]
[Site "Polanica Zdroj"]
[Date "2024.08.19"]
[Round "3"]
[White "Napieralski, Lucjan"]
[Black "Ciolek, Andreas"]
[Result "1-0"]
[WhiteElo "1904"]
[BlackElo "2266"]
[PlyCount "89"]
[EventDate "2024.08.17"]
[EventType "swiss"]
[EventRounds "9"]
[EventCountry "POL"]
[SourceTitle "CBM 221 Extra"]
[Source "ChessBase"]
[SourceDate "2024.09.30"]
[SourceVersion "1"]
[SourceVersionDate "2024.09.30"]
[SourceQuality "1"]

1. e4 e5 2. Nf3 Nc6 3. Bb5 a6 4. Ba4 Nf6 5. 0-0 b5 6. Bb3 Bc5 7. c3 d6 8. Re1 Bb6 9. d3 h6 10. Nbd2 0-0 11. Nf1 Ne7 12. a4 Rb8 13. axb5 axb5 14. h3 Ng6 15. Bc2 Re8 16. Be3 Bxe3 17. Nxe3 Nf4 18. Kh2 c6 19. Ng1 d5 20. g3 Ne6 21. Nf3 Qc7 22. Nf5 Nc5 23. b4 Bxf5 24. bxc5 dxe4 25. dxe4 Rbd8 26. Qe2 Bc8 27. Qe3 Qd7 28. g4 Qe7 29. Rg1 g5 30. Bb3 Nd7 31. Ra7 Rf8 32. Rd1 Rde8 33. Rd6 Kg7 34. Rxc6 Rh8 35. Rcc7 h5 36. Qxg5+ Qxg5 37. Nxg5 hxg4 38. c6 Kf6 39. cxd7 Bxd7 40. Rxd7 Kxg5 41. Rxf7 Rxh3+ 42. Kg2 Reh8 43. Rf5+ Kh4 44. Rg7 Rxc3 45. Bd1 1-0

[Event "Polanica Zdroj op 60th"]
[Site "Polanica Zdroj"]
[Date "2024.08.18"]
[Round "2"]
[White "Ciolek, Andreas"]
[Black "Komendecki, Antoni"]
[Result "0-1"]
[WhiteElo "2266"]
[BlackElo "2000"]
[PlyCount "86"]
[EventDate "2024.08.17"]
[EventType "swiss"]
[EventRounds "9"]
[EventCountry "POL"]
[SourceTitle "CBM 221 Extra"]
[Source "ChessBase"]
[SourceDate "2024.09.30"]
[SourceVersion "1"]
[SourceVersionDate "2024.09.30"]
[SourceQuality "1"]

1. d4 Nf6 2. c4 e6 3. Nf3 b6 4. g3 Ba6 5. b3 Bb4+ 6. Bd2 Be7 7. Nc3 d5 8. cxd5 exd5 9. Bg2 0-0 10. 0-0 Re8 11. Re1 Nbd7 12. a3 c5 13. b4 Bc4 14. b5 Ne4 15. a4 Bf6 16. e3 Rc8 17. Rc1 cxd4 18. exd4 Nf8 19. Bf4 Ng6 20. Be3 Nxc3 21. Rxc3 Qd6 22. Qa1 Qd7 23. Nd2 Ne7 24. Bf3 Qf5 25. Kg2 Bd3 26. h3 Rxc3 27. Bg4 Be4+ 28. Kg1 Rxe3 29. Bxf5 Rxe1+ 30. Qxe1 Nxf5 31. Nxe4 Rxe4 32. Qc1 g6 33. Qc6 Bxd4 34. g4 Re1+ 35. Kg2 Ne7 36. Qc2 Bc5 37. a5 Re4 38. a6 Rf4 39. f3 Rb4 40. Qe2 d4 41. Qe5 d3 42. Qb8+ Kg7 43. Qxa7 d2 0-1

[Event "Leca da Palmeira op 3rd"]
[Site "Leca da Palmeira"]
[Date "2024.08.06"]
[Round "9"]
[White "Ciolek, Andreas"]
[Black "Torres, Ricardo Jorge Ferre"]
[Result "1/2-1/2"]
[WhiteElo "2277"]
[BlackElo "1975"]
[PlyCount "47"]
[EventDate "2024.07.31"]
[EventType "swiss"]
[EventRounds "9"]
[EventCountry "POR"]
[SourceTitle "EXT 2025"]
[Source "ChessBase"]
[SourceDate "2024.10.14"]
[SourceVersion "1"]
[SourceVersionDate "2024.10.14"]
[SourceQuality "1"]

1. d4 d5 2. c4 c6 3. Nf3 Nf6 4. Qc2 dxc4 5. e4 b5 6. b3 cxb3 7. axb3 e6 8. Bd3 Bb7 9. 0-0 Be7 10. Nc3 a5 11. e5 Nd5 12. Nxd5 Qxd5 13. Bd2 h6 14. Bxa5 b4 15. Bb6 Ra3 16. Bc4 Qd7 17. Rfd1 0-0 18. Nd2 Rxa1 19. Rxa1 c5 20. dxc5 Qc6 21. Bf1 Nd7 22. Nc4 Nxc5 23. Bxc5 Qxc5 24. Rd1 1/2-1/2

[Event "Belgrade Serbia op"]
[Site "Belgrade"]
[Date "2024.07.14"]
[Round "3"]
[White "Vershinin, Igor1"]
[Black "Ciolek, Andreas"]
[Result "1/2-1/2"]
[WhiteElo "2092"]
[BlackElo "2277"]
[PlyCount "63"]
[EventDate "2024.07.12"]
[EventType "swiss"]
[EventRounds "9"]
[EventCountry "SRB"]
[SourceTitle "CBM 221 Extra"]
[Source "ChessBase"]
[SourceDate "2024.09.30"]
[SourceVersion "1"]
[SourceVersionDate "2024.09.30"]
[SourceQuality "1"]

1. e4 e5 2. Nf3 Nc6 3. Bb5 a6 4. Ba4 Nf6 5. d3 d6 6. c3 Bd7 7. 0-0 g6 8. b4 Bg7 9. Bb3 0-0 10. a4 Nh5 11. Bg5 Qe8 12. h3 Kh8 13. g4 Nf4 14. Bxf4 exf4 15. d4 f5 16. exf5 gxf5 17. g5 Qh5 18. Kh2 Ne7 19. Rg1 Rae8 20. Qd3 c5 21. Nbd2 cxd4 22. cxd4 Bc6 23. b5 axb5 24. axb5 Be4 25. Nxe4 fxe4 26. Qxe4 Nf5 27. Qd5 Re2 28. Ra2 Qe8 29. Rg2 b6 30. Bc4 Rxa2 31. Bxa2 Qa8 32. g6 1/2-1/2

[Event "Teplice op 17th"]
[Site "Teplice"]
[Date "2024.06.22"]
[Round "8"]
[White "Sorensen, Hampus"]
[Black "Ciolek, Andreas"]
[Result "1-0"]
[WhiteElo "2404"]
[BlackElo "2258"]
[PlyCount "85"]
[EventDate "2024.06.15"]
[EventType "swiss"]
[EventRounds "9"]
[EventCountry "CZE"]
[SourceTitle "CBM 220 Extra"]
[Source "ChessBase"]
[SourceDate "2024.07.31"]
[SourceVersion "1"]
[SourceVersionDate "2024.07.31"]
[SourceQuality "1"]

1. e4 e5 2. Nf3 Nc6 3. Bb5 Nf6 4. 0-0 Nxe4 5. Re1 Nd6 6. Nxe5 Be7 7. Bf1 Nxe5 8. Rxe5 0-0 9. d4 Bf6 10. Re1 Nf5 11. d5 d6 12. Nd2 Bg5 13. Ne4 Bxc1 14. Rxc1 Nh4 15. Qd4 Bf5 16. Ng3 Bg6 17. Qf4 h6 18. Re3 Qg5 19. Qxg5 hxg5 20. Rc3 Rfc8 21. Bb5 c6 22. dxc6 bxc6 23. Rxc6 Rab8 24. Rxc8+ Rxc8 25. c4 Kf8 26. b3 f5 27. Ne2 f4 28. Nd4 Kf7 29. Re1 Bd3 30. Bd7 Rd8 31. Be6+ Kf6 32. Bd5 Bf5 33. Nc6 Rd7 34. Re8 Ng6 35. f3 Ne7 36. Rf8+ Kg6 37. Bf7+ Kh7 38. Be8 Rc7 39. Rf7 Bg6 40. Rxe7 Rxe7 41. Bxg6+ Kxg6 42. Nxe7+ Kf6 43. Nc8 1-0

[Event "Teplice op 17th"]
[Site "Teplice"]
[Date "2024.06.21"]
[Round "7"]
[White "Ciolek, Andreas"]
[Black "Dahl, Christoph"]
[Result "1/2-1/2"]
[WhiteElo "2258"]
[BlackElo "2419"]
[PlyCount "189"]
[EventDate "2024.06.15"]
[EventType "swiss"]
[EventRounds "9"]
[EventCountry "CZE"]
[SourceTitle "CBM 220 Extra"]
[Source "ChessBase"]
[SourceDate "2024.07.31"]
[SourceVersion "1"]
[SourceVersionDate "2024.07.31"]
[SourceQuality "1"]

1. d4 Nf6 2. c4 e6 3. Nc3 Bb4 4. Qc2 d5 5. cxd5 exd5 6. Bg5 h6 7. Bh4 c5 8. dxc5 0-0 9. e3 Be6 10. Nf3 Nbd7 11. Nd4 Nxc5 12. a3 Bxc3+ 13. Qxc3 Rc8 14. f3 Re8 15. Qd2 Bd7 16. Be2 Qb6 17. 0-0 Nb3 18. Nxb3 Qxb3 19. Bd3 Re6 20. Rac1 Rec6 21. Rxc6 Rxc6 22. Bg3 Re6 23. Rc1 Bc6 24. Rc3 Qb6 25. Bf5 Re8 26. Bd6 a6 27. Bc5 Qd8 28. Bb1 Nd7 29. Bd4 Nf8 30. Ba2 Ne6 31. Rc1 Qg5 32. Re1 h5 33. Bb1 Nxd4 34. Qxd4 h4 35. Kf2 Re6 36. Rd1 Re8 37. Qd3 Qh6 38. Qc3 Qg5 39. Rd4 Bd7 40. Qd3 Bf5 41. e4 dxe4 42. fxe4 Bg6 43. Qd2 Qc5 44. b4 Qb6 45. Qe3 Rc8 46. Rd2 Qf6+ 47. Qf3 Qg5 48. Qe3 Qe5 49. g3 Rc6 50. Qd4 hxg3+ 51. hxg3 Rf6+ 52. Kg2 Qh5 53. e5 Qf3+ 54. Kh2 Qh5+ 55. Kg1 Rf3 56. Qd8+ Kh7 57. Bxg6+ Kxg6 58. Qd6+ Kh7 59. e6 Re3 60. e7 Re1+ 61. Kf2 Re6 62. Qd3+ f5 63. Re2 Qh2+ 64. Ke1 Rxe2+ 65. Qxe2 Qxg3+ 66. Kd2 Qd6+ 67. Ke1 Qg3+ 68. Kf1 Qf4+ 69. Kg2 Qg5+ 70. Kf3 Qh5+ 71. Ke3 f4+ 72. Kd2 Qe8 73. Qe6 g5 74. Qf6 Kg8 75. Ke1 g4 76. Qe6+ Kg7 77. Kf2 g3+ 78. Kg2 b5 79. Qg4+ Kf6 80. Qxf4+ Kxe7 81. Qe5+ Kd7 82. Qxe8+ Kxe8 83. Kxg3 Kd7 84. Kf4 Kc6 85. Ke5 a5 86. Ke6 axb4 87. axb4 Kc7 88. Kd5 Kd7 89. Kc5 Kc7 90. Kxb5 Kb7 91. Kc5 Kc7 92. b5 Kb7 93. b6 Kb8 94. Kc6 Ka8 95. Kc7 1/2-1/2

[Event "Teplice op 17th"]
[Site "Teplice"]
[Date "2024.06.18"]
[Round "4"]
[White "Svane, Frederik"]
[Black "Ciolek, Andreas"]
[Result "1-0"]
[WhiteElo "2638"]
[BlackElo "2258"]
[PlyCount "55"]
[EventDate "2024.06.15"]
[EventType "swiss"]
[EventRounds "9"]
[EventCountry "CZE"]
[SourceTitle "CBM 220 Extra"]
[Source "ChessBase"]
[SourceDate "2024.07.31"]
[SourceVersion "1"]
[SourceVersionDate "2024.07.31"]
[SourceQuality "1"]

1. e4 e5 2. Nf3 Nc6 3. Bb5 Nf6 4. d3 Bc5 5. Bxc6 dxc6 6. 0-0 Qe7 7. Nbd2 Bg4 8. h3 Bh5 9. a3 a5 10. Nc4 Nd7 11. g4 Bg6 12. b4 axb4 13. Bg5 f6 14. axb4 0-0 15. Rxa8 Rxa8 16. bxc5 fxg5 17. Qd2 h6 18. Qc3 Re8 19. Rb1 Qxc5 20. Rxb7 Rf8 21. Kg2 h5 22. Qb4 hxg4 23. hxg4 Rf4 24. Rb8+ Kh7 25. Qxc5 Nxc5 26. Ncxe5 Ne6 27. Nxg5+ Nxg5 28. Rh8+ 1-0

[Event "Munich op-A 2nd"]
[Site "Munich"]
[Date "2024.06.02"]
[Round "9"]
[White "Wagner, Julian"]
[Black "Ciolek, Andreas"]
[Result "0-1"]
[WhiteElo "2109"]
[BlackElo "2254"]
[PlyCount "84"]
[EventDate "2024.05.26"]
[EventType "swiss"]
[EventRounds "9"]
[EventCountry "GER"]
[SourceTitle "CBM 220 Extra"]
[Source "ChessBase"]
[SourceDate "2024.07.31"]
[SourceVersion "1"]
[SourceVersionDate "2024.07.31"]
[SourceQuality "1"]

1. d4 Nf6 2. c4 e6 3. Nf3 d5 4. g3 Bb4+ 5. Bd2 a5 6. Qc2 0-0 7. Bg2 c5 8. cxd5 cxd4 9. Nxd4 Qb6 10. Nf3 exd5 11. 0-0 Nc6 12. a3 Be7 13. Nc3 Bg4 14. Qd3 Rad8 15. Na4 Qa7 16. Bf4 Ne4 17. Bc7 Rd7 18. Bb6 Qb8 19. Nd4 Ne5 20. Qb5 Nd6 21. Qxa5 Ndc4 22. Qb5 Rd6 23. Bc5 Bd7 24. Qb4 Rc8 25. b3 Bxa4 26. bxc4 Rb6 27. Qxa4 Rxc5 28. Nf5 Bf8 29. cxd5 Qc8 30. e4 Nc4 31. Ra2 g6 32. Nd4 Nb2 33. Rxb2 Rxb2 34. e5 Rc4 35. Qd1 Bc5 36. Nb3 Rcc2 37. d6 Bxf2+ 38. Kh1 Bb6 39. d7 Qf8 40. Rg1 Qe7 41. Qd3 Kg7 42. h4 Qxe5 0-1

[Event "AUT-chT 2324"]
[Site "Austria"]
[Date "2024.03.20"]
[Round "7.6"]
[White "Hartl, Daniel"]
[Black "Ciolek, Andreas"]
[Result "1-0"]
[WhiteElo "2248"]
[BlackElo "2224"]
[PlyCount "71"]
[EventDate "2023.11.22"]
[EventType "team-tourn"]
[EventRounds "11"]
[EventCountry "AUT"]
[SourceTitle "CBM 219 Extra"]
[Source "ChessBase"]
[SourceDate "2024.05.31"]
[SourceVersion "1"]
[SourceVersionDate "2024.05.31"]
[SourceQuality "1"]
[WhiteTeam "Maria Saal"]
[BlackTeam "Schach ohne Grenzen"]
[WhiteTeamCountry "AUT"]
[BlackTeamCountry "AUT"]

1. d4 d5 2. c4 e6 3. Nf3 Nf6 4. g3 Be7 5. Bg2 0-0 6. 0-0 dxc4 7. Qc2 b6 8. Ne5 Qxd4 9. Bxa8 Qxe5 10. Bf3 Nd5 11. Qxc4 Ba6 12. Qe4 Qxe4 13. Bxe4 Bxe2 14. Re1 Bc4 15. Bxd5 Bxd5 16. Nc3 Bb7 17. Bf4 c5 18. Red1 Bf6 19. a4 Bd4 20. a5 bxa5 21. Rxa5 Nc6 22. Ra4 e5 23. Be3 f5 24. Nb5 Rd8 25. Nxa7 Nb4 26. Nb5 Bf3 27. Rd2 Nd5 28. Bxd4 exd4 29. Ra3 Bh5 30. f3 Be8 31. Ra5 Ne3 32. Na3 c4 33. Re5 f4 34. gxf4 c3 35. bxc3 Ra8 36. Rxd4 1-0

[Event "Staufer op 34th"]
[Site "Schwaebisch Gmuend"]
[Date "2024.01.03"]
[Round "4"]
[White "Ciolek, Andreas"]
[Black "Zeller, Frank"]
[Result "1/2-1/2"]
[WhiteElo "2270"]
[BlackElo "2335"]
[PlyCount "73"]
[EventDate "2024.01.02"]
[EventType "swiss"]
[EventRounds "9"]
[EventCountry "GER"]
[SourceTitle "CBM 218 Extra"]
[Source "ChessBase"]
[SourceDate "2024.03.31"]
[SourceVersion "1"]
[SourceVersionDate "2024.03.31"]
[SourceQuality "1"]

1. d4 Nf6 2. c4 e6 3. Nc3 Bb4 4. Qc2 d5 5. cxd5 exd5 6. Bg5 c5 7. dxc5 h6 8. Bh4 0-0 9. e3 Be6 10. Bd3 d4 11. exd4 Nc6 12. Nge2 Nxd4 13. Nxd4 Qxd4 14. Bxf6 gxf6 15. 0-0 Rac8 16. Rae1 Rfd8 17. Bf5 Bxf5 18. Qxf5 Rxc5 19. Qh3 Bxc3 20. bxc3 Qf4 21. Re3 Rg5 22. Rf3 Qg4 23. Qxg4 Rxg4 24. Rxf6 Kg7 25. Rf3 Ra4 26. Rb1 Rxa2 27. h4 Rd7 28. Rg3+ Kf8 29. Rb4 Ra6 30. Rbg4 Re6 31. Rg8+ Ke7 32. Ra8 a6 33. Rgg8 Kd6 34. Rg4 Ke7 35. Rgg8 Kd6 36. Rg4 Ke7 37. Rgg8 1/2-1/2

[Event "Vienna Schev May"]
[Site "Vienna"]
[Date "2023.05.20"]
[Round "7"]
[White "Ciolek, Andreas"]
[Black "Alvir, Aco"]
[Result "1-0"]
[WhiteElo "2273"]
[BlackElo "2291"]
[PlyCount "85"]
[EventDate "2023.05.17"]
[EventType "schev"]
[EventRounds "9"]
[EventCountry "AUT"]
[SourceTitle "CBM 214 Extra"]
[Source "ChessBase"]
[SourceDate "2023.07.31"]
[SourceVersion "1"]
[SourceVersionDate "2023.07.31"]
[SourceQuality "1"]
[WhiteTeam "Team A"]
[BlackTeam "Team D"]
[WhiteTeamCountry "AUT"]
[BlackTeamCountry "AUT"]

1. d4 Nf6 2. Nf3 g6 3. Bf4 Bg7 4. e3 c5 5. c3 b6 6. h3 0-0 7. Be2 Bb7 8. Nbd2 d6 9. 0-0 Nbd7 10. a4 a6 11. Bh2 Rc8 12. Re1 Rc7 13. Bd3 e5 14. dxe5 Nxe5 15. Be2 Rd7 16. Qc2 Qa8 17. Bxe5 dxe5 18. Nc4 Be4 19. Qb3 Bd5 20. Qxb6 Ne4 21. Ncxe5 Rb7 22. Qxa6 Ra7 23. Qd3 Rd8 24. Qc2 Qb8 25. Nc4 Nd6 26. Nxd6 Bb3 27. Qe4 Qxd6 28. Bb5 h6 29. Qf4 Qe6 30. e4 Rda8 31. e5 g5 32. Qe3 Bf8 33. Nd2 Bd5 34. c4 Bb7 35. Rad1 Bc8 36. Qe4 Rb8 37. b3 Re7 38. Re3 Bb7 39. Qc2 Bg7 40. Rde1 Kh8 41. Ne4 Qg6 42. Qd2 Rxe5 43. Qd6 1-0

[Event "Vienna Schev May"]
[Site "Vienna"]
[Date "2023.05.17"]
[Round "1"]
[White "Ciolek, Andreas"]
[Black "Mozny, Milos"]
[Result "1/2-1/2"]
[WhiteElo "2273"]
[BlackElo "2236"]
[PlyCount "98"]
[EventDate "2023.05.17"]
[EventType "schev"]
[EventRounds "9"]
[EventCountry "AUT"]
[SourceTitle "CBM 214 Extra"]
[Source "ChessBase"]
[SourceDate "2023.07.31"]
[SourceVersion "1"]
[SourceVersionDate "2023.07.31"]
[SourceQuality "1"]
[WhiteTeam "Team A"]
[BlackTeam "Team D"]
[WhiteTeamCountry "AUT"]
[BlackTeamCountry "AUT"]

1. d4 d5 2. Nf3 e6 3. Bf4 c5 4. e3 Nc6 5. c3 Nf6 6. Nbd2 Bd6 7. Bg3 Qe7 8. Ne5 h5 9. h3 Bxe5 10. dxe5 Nd7 11. Nf3 b6 12. h4 Bb7 13. Bd3 0-0-0 14. Qe2 f6 15. exf6 gxf6 16. 0-0-0 Nde5 17. Nxe5 Nxe5 18. Bxe5 fxe5 19. Bg6 Rdg8 20. Bxh5 Rxg2 21. Bf3 Rg7 22. h5 Qf6 23. Rdg1 Bc6 24. Rxg7 Qxg7 25. Bg4 Rh6 26. Rh3 Kb7 27. Rg3 Qf6 28. Qf3 Qxf3 29. Bxf3 Be8 30. e4 Kc6 31. Kd2 Kd6 32. Rg5 d4 33. Be2 Ke7 34. Rxe5 Rf6 35. cxd4 cxd4 36. f3 Kd6 37. Rg5 e5 38. Bd1 Rf4 39. h6 Rh4 40. f4 Rh2+ 41. Kc1 exf4 42. e5+ Kc5 43. Rg8 Bc6 44. Rc8 Rxh6 45. Bf3 b5 46. Kd2 Kb6 47. Bxc6 Rxc6 48. Rd8 Re6 49. Rxd4 Rxe5 1/2-1/2